Agua chiquita
Gardado en:
| Autor Principal: | |
|---|---|
| Formato: | Libro |
| Idioma: | Lingua castelá |
| Publicado: |
Buenos Aires
Eudeba
1988
|
| Series: | Colección Agua Celeste
|
| Subjects: | |
| Tags: |
Engadir etiqueta
Sen Etiquetas, Sexa o primeiro en etiquetar este rexistro!
|
MARC
| LEADER | 00000nam a2200000 a 4500 | ||
|---|---|---|---|
| 001 | UCW4011 | ||
| 003 | CL-VaPUC | ||
| 008 | 890713e19880000AG |||||||||||||||||spa|d | ||
| 082 | 0 | 4 | |a Ar861 |b NEG |2 21 |
| 100 | |a Negri, Blanca |e autora |9 308512 | ||
| 245 | 1 | 0 | |a Agua chiquita |
| 300 | |a 26 p | ||
| 942 | |c BK | ||
| 945 | |d 19890713 00:00:00 | ||
| 260 | |a Buenos Aires |b Eudeba |c 1988 | ||
| 650 | 7 | |a POESIAS INFANTILES ARGENTINAS |2 CL-VaPUC |9 308479 | |
| 650 | 0 | |a Poesía argentina |9 265575 | |
| 583 | |a last modification |c 20120720 11:52:25 |k Rodrigo Vera | ||
| 490 | 0 | |a Colección Agua Celeste | |
| 999 | |c 217850 |d 217848 | ||
| 952 | |0 0 |1 0 |4 0 |6 AR_861_000000000000000_NEG_1988 |7 0 |8 P |9 206408 |a BIBEDU |b BIBEDU |d 2019-11-15 |i 2741873 |o Ar861 NEG 1988 |p 2741873 |r 2019-11-15 |w 2019-11-15 |y BK |k EDU | ||